| 000 | 01859nam a2200421 c 4500 | ||
|---|---|---|---|
| 003 | BLK | ||
| 005 | 20231127164142.0 | ||
| 008 | 180411b bul|||||r ||||||| ||bul|| | ||
| 010 | _aKNG00198476000 | ||
| 020 |
_a978-619-7300-06-2 _bиздат.: Вакон |
||
| 040 | _aBLK | ||
| 041 |
_aBUL _cBUL |
||
| 072 | 7 |
_2bullib _aН83 _xЧужда художествена литература Н |
|
| 080 |
_aНемска литература _b821.112.2 _x-992 _z821.112.2-992 |
||
| 080 |
_aБългарска литература _b821.163.2 _x-054.7-992 _z821.163.2-054.7-992 |
||
| 100 | 1 |
_aТроянов, Илия Маринов _eпърви автор _9262366 |
|
| 700 |
_aЛакова, Цветелина Лакова _d1984- _9389898 |
||
| 139 |
_aТроянов, Илия Маринов _bТ 86 |
||
| 245 | 1 | 0 |
_aСадху и дяволската стена _bРепортажи от една различна Индия _cИлия Маринов Троянов; прев. от нем. Цветелина Лакова. |
| 257 | _aDEU | ||
| 260 |
_аСофия _bВакон _c2016 |
||
| 300 |
_a254 с. _c18 см |
||
| 380 | _aX | ||
| 490 | 1 |
_aВакон _v3 |
|
| 490 | 1 |
_3Подсерия _aАзия |
|
| 500 | _aОриг. загл. Der Sadhu an der Teufelswand / Ilija Trojanow. - На кор. Пътешествие из мистичната Индия. - Съдържа и за авт.- Изд. на National Geographic. | ||
| 650 | 4 |
_aИндия - пътеписи _9277826 |
|
| 651 | 4 |
_aИндия _9178950 |
|
| 653 | _aИндия | ||
| 653 | _aпътеписи | ||
| 659 | _aН | ||
| 852 | _aЦб І 37009 | ||
| 856 | 4 |
_qpdf _u |
|
| 856 | 4 |
_qpdf _u |
|
| 942 |
_cKNG _n0 _02 |
||
| 944 |
_aCR _c17.12.2016 _lТеодора Пейчева-Дянкова _k30556 |
||
| 944 |
_aED _c16.01.2017 _lф / _kЛюдмила_Стоянова |
||
| 999 |
_c189433 _d189433 |
||